000 01409nam a22004217a 4500
003 OSt
005 20230315125935.0
008 221006b |||||||| |||| 00| 0 eng d
040 _cBiblioteca Lado V
082 _a701.1
_bB167a
100 _9783
_aBaker, Elizabeth C.
_eeditora
245 _aArt in America/
260 _bWhitney Communications Corporation Magazine Division
_c2006
_aNew York
300 _c22x29cm
_a152p.
366 _eeng
490 _aFebrero
_v2006
505 _tFront Page
505 _tReview of Books
505 _tPerformance
505 _tReport from Lyon
505 _tPhotography
505 _tPortraits of Light
505 _tBack for One Night Only
505 _tCrying Time: The Films of Jesper Just
505 _tHeretics of the Heartland
505 _tWilling Spirits: Art of the Paranormal
505 _tMesmer as Metaphor: Lenore Malen;s Fictions of Utopia
505 _tThe Toxic Sublime
505 _tReview of Exhibitions
505 _tArtworld
650 _2Tesauro de Arte & Arquitectura
_aARTE
_9703
650 _2Tesauro de Arte & Arquitectura
_aCRITICA
650 _2Tesauro de Arte & Arquitectura
_aAPRECIACION
650 _2Tesauro de Arte & Arquitectura
_aCOLECCIONISMO
650 _2Tesauro de Arte & Arquitectura
_aARTE - USA
700 _aShanley, Paul
_epublicista
942 _2ddc
_c1
_h701.1
_iB167a
_n0
999 _c3216
_d3216